[Event "ROM-ch U14"]
[Site "Calimanesti Caciulata"]
[Date "2016.04.25"]
[Round "9"]
[White "Paraschiv, Paul Alexandru"]
[Black "Filat, Nicolae"]
[Result "1-0"]
[WhiteElo "1876"]
[BlackElo "1544"]
[PlyCount "101"]
[EventDate "2016.04.18"]
[EventType "swiss"]
[EventRounds "9"]
[EventCountry "ROU"]
[SourceTitle "CBM 172 Extra"]
[Source "ChessBase"]
[SourceDate "2016.06.21"]
[SourceVersion "1"]
[SourceVersionDate "2016.06.21"]
[SourceQuality "1"]

1. d4 Nf6 2. Bf4 d5 3. Nf3 e6 4. e3 Bd6 5. Bg3 c5 6. c3 0-0 7. Bd3 Bxg3 8. hxg3 Qd6 9. Nbd2 Nc6 10. g4 h6 11. g5 hxg5 12. Nxg5 e5 13. dxc5 Qe7 14. Nh7 e4 15. Nxf6+ Qxf6 16. Qh5 Qh6 17. Qxh6 gxh6 18. Bc2 Kg7 19. 0-0-0 Be6 20. Nb3 Ne5 21. Nd4 Rac8 22. b4 b6 23. Nb3 Nd7 24. cxb6 axb6 25. Kb1 Ne5 26. Nd4 Rc7 27. Rh4 Rfc8 28. Nb5 Re7 29. a4 Rd7 30. Rhh1 Nc4 31. Ka1 Nd6 32. Nxd6 Rxd6 33. Kb2 Rdc6 34. Bb3 Rxc3 35. Rc1 d4 36. Bxe6 fxe6 37. Rxc3 Rxc3 38. Rd1 e5 39. exd4 exd4 40. Rxd4 Rc6 41. Rxe4 Rg6 42. g3 Kf6 43. Kb3 Kf5 44. Rf4+ Ke5 45. Kc4 h5 46. a5 bxa5 47. bxa5 Ra6 48. Rh4 Rh6 49. g4 Kf4 50. gxh5+ Kf3 51. Rh2 1-0

[Event "ROM-ch U14"]
[Site "Calimanesti Caciulata"]
[Date "2016.04.18"]
[Round "1"]
[White "Stefan, Mihai"]
[Black "Filat, Nicolae"]
[Result "1-0"]
[WhiteElo "1873"]
[BlackElo "1544"]
[PlyCount "57"]
[EventDate "2016.04.18"]
[EventType "swiss"]
[EventRounds "9"]
[EventCountry "ROU"]
[SourceTitle "CBM 172 Extra"]
[Source "ChessBase"]
[SourceDate "2016.06.21"]
[SourceVersion "1"]
[SourceVersionDate "2016.06.21"]
[SourceQuality "1"]

1. e4 c5 2. Nf3 d6 3. d4 cxd4 4. Nxd4 Nf6 5. Nc3 a6 6. Bg5 e6 7. f4 b5 8. e5 dxe5 9. fxe5 Qc7 10. Qe2 Nfd7 11. 0-0-0 Nc6 12. Nxc6 Qxc6 13. Ne4 Bb7 14. Nd6+ Bxd6 15. exd6 0-0 16. Be7 Rfe8 17. Qf2 b4 18. Bd3 a5 19. Rhf1 Ne5 20. d7 Nxd3+ 21. Rxd3 Ba6 22. Qxf7+ Kh8 23. Bf8 Qxg2 24. Bxg7+ Qxg7 25. dxe8Q+ Rxe8 26. Qxe8+ Qg8 27. Rf8 h5 28. Rxg8+ Kh7 29. Qg6# 1-0